Responses for Show #2904 - Thursday, March 27, 1997

Contestants

[<< previous game]

Kathi Weiss, a clinical social worker from Fort Wayne, Indiana

Spencer Parker, a recent college graduate from East Brunswick, New Jersey

Joel Rayburn, an Army captain originally from Crescent, Oklahoma (whose 1-day cash winnings total $5,701)

[next game >>]

Jeopardy! Round responses

LITERATURE
'90s MUSIC
(Alex: 1990s, not 1890s)
C'EST CHEESE
HISTORY
HAVE A SEAT
BASEBALL NICKNAMES
    $100 6
Malcolm X

Kathi
    $100 11
John Lennon

Spencer
    $100 18
Cheese lover

Joel
    $100 1
Saxons

Joel
    $100 24
High chair

Joel
    $100 16
Pete Rose

Spencer
    $200 7
James Joyce

Kathi
    $200 12
Selena

Joel
    $200 19
(S: What is cheddar cheese?)

Sour cream

SpencerKathi
    $200 2
Fountain of Youth

Joel
    $200 27
Ejection seat

Joel
    $200 17
Leo Durocher

Kathi
    $300 8
Twenty Thousand Leagues Under The Sea

Kathi
    $300 13
Lyle Lovett

Joel
    $300 20
Switzerland

Spencer
    $300 3
Pocahontas

Joel
    $300 28
Director's chair

Kathi
    $300 21
Tom Seaver

Spencer
    $400 9
(S: Who is McMurty?)

Larry McMurtry

JoelSpencer
    $400 14
(K: Who is Cece Tennyson?)

Dionne Warwick

Kathi
Triple Stumper
    $400 25
Farmer cheese

Triple Stumper
    $400 4
Hernando Cortez

Spencer
    $400 29
Recliner

Kathi
    $400 22
Joe DiMaggio

Joel
    $500 10
Emily Dickinson

Spencer
    $500 15
"I want some more of it"

Triple Stumper
    $500 26
(Alex: You beat Joel to it on that one & he's upset!)

Germany

Spencer
    $500 5
Charlemagne

Joel
    $500 30
(K: Who is "The Thinker?")

Abraham Lincoln

Kathi
    $500 23
Ernie Banks

Spencer

Scores at the first commercial break (after clue 15):

Joel Spencer Kathi
$2,000 $600 $200

Scores at the end of the Jeopardy! Round:

Joel Spencer Kathi
$2,800 $2,100 $800

Double Jeopardy! Round responses

THE BILL OF RIGHTS
DECORATIVE ARTS
ASTRONOMY
U.S. PLACE NAMES
SCREENWRITERS
"NON" SENSE
    $200 4
Trial

Spencer
    $200 26
Papier-mache

Kathi
    $200 21
Cancer

Kathi
    $200 11
Augusta

Spencer
    $200 16
Ron Howard

Spencer
    $200 1
Nonfiction

Kathi
    $400 5
(S: Who is Thomas Jefferson?)

James Madison

JoelSpencer
    $400 27
Milk glass

Spencer
    $400 22
Galaxies

Joel
    $400 12
Mount Saint Helens

Joel
    $400 17
(J: What is "Indiana Jones?")

E.T.

JoelSpencer
    $400 2
Non-sporting

Kathi
    $600 6
New York City

Spencer
    $600 28
art nouveau

Spencer
    $600 23
Crater

Spencer
    $600 13
Bismarck, North Dakota

Spencer
    $600 18
Raymond Chandler

Joel
    $600 3
Non-aggression

Spencer
    $1,000 7
Virginia

Spencer
    $800 29
Lace

Joel
    $800 24
Comet

Joel
    $800 14
Bethesda

Joel
    $800 19
Taxi Driver

Joel
    $1,000 9
(K: I don't have any idea.)

Non-conformist

Kathi
    $1000 8
Militia

Kathi
    $1000 30
Oak

Triple Stumper
    $1000 25
(J: What is Leda?)

Cygnus

JoelKathi
    $1000 15
Pigeon Forge

Kathi
    $1000 20
Joe Eszterhas

Spencer
    $1000 10
Non-Euclidean

Spencer

Scores at the end of the Double Jeopardy! Round:

Joel Spencer Kathi
$6,400 $9,100 $3,800

[wagering suggestions for these scores]

Final Jeopardy! Round responses

ANCIENT CITIES
KathiWhat is Rome?
$2,000
JoelWhat is Istanbul
$2,701
SpencerWhat is Istanbul?
$3,701
Istanbul, Turkey

Final scores:

Joel Spencer Kathi
$9,101 $12,801 $1,800
2nd place: Wallace Silverware Place Setting & Michael C. Fina Fine China Set New champion: $12,801 3rd place: Amana Washer & Dryer

Game dynamics:

Coryat scores:

Joel Spencer Kathi
$6,400 $8,900 $5,300
19 R,
2 W
21 R
(including 1 DD),
3 W
14 R,
3 W
(including 2 DDs)

Combined Coryat: $20,600

[game clues] [game scores] [suggest correction]

Game tape date: 1996-12-11
The J! Archive is created by fans, for fans. Scraping, republication, monetization, and malicious use prohibited; this site may use cookies and collect identifying information. See terms. The Jeopardy! game show and all elements thereof, including but not limited to copyright and trademark thereto, are the property of Jeopardy Productions, Inc. and are protected under law. This website is not affiliated with, sponsored by, or operated by Jeopardy Productions, Inc. Join the discussion at JBoard.tv.